| 000 | 00534cam a2200205ua 4500 | ||
|---|---|---|---|
| 001 | 2982 | ||
| 008 | 160506n II |||gr||||Z||||||eng | ||
| 040 | _aMAIN | ||
| 041 | _aEnglish | ||
| 082 | _a320.8 NIG | ||
| 100 | _aNIGAM, S. R. | ||
| 100 |
_aNIGAM, S. R., _eAUTHOR. |
||
| 245 | _aLOCAL GOVERNMENT(ENGLAND, FRANCH, USA, USSR, INDIA) | ||
| 250 |
_a3RD / _bREP. |
||
| 260 |
_aNEW DELHI _bS.CHAND & COMPANY _c1987. |
||
| 300 |
_a252: _c20CM. |
||
| 653 | _aLocal Self Government | ||
| 700 |
_aKHOSLA, J.N., _eFORWORD. |
||
| 942 | _cBK | ||
| 999 |
_c2970 _d2970 |
||